=LDR 00000nam 2200000 4500 =001 INLIS000000000019911 =005 20160827153752.0 =006 =007 =008 Ind =035 ##$$0010-061300000019911 =041 ##$$a Ind =082 ##$$a 345 =090 ##$$a 345, Mar t =100 ##$$a Marpaung, Leden =245 ##$$a Tindak pidana terhadap nyawa dan tubuh (pemberentasan dan prevensinya), Leden Marpaung =260 ##$$a 2005 $b Jakarta =300 ##$$a xii, 264 hlm, 21 cm =650 ##$$a Hukum Pidana =850 ##$$a NBPNMAT =990 ##$$a 2090100786/BPAP-NTB/2015 =990 ##$$a 0001/BPAP-NTB/2016 =990 ##$$a 0001/BPAP-NTB/2016 =990 ##$$a 0001/BPAP-NTB/2016 =990 ##$$a 0001/BPAP-NTB/2016 =990 ##$$a 0001/BPAP-NTB/2016